Budúcnosť a perspektívy investovania do energetických komodít bakalárska práca

Salvato in:
Dettagli Bibliografici
Autore principale: Kropil, Martin
Ente Autore: Národohospodárska fakulta EU. Katedra bankovníctva a medzinárodných financií
Altri autori: Hudcovský, Jaroslav
Natura: Libro
Lingua:slovacco
Pubblicazione: Bratislava 2016
Tags: Aggiungi Tag
Nessun Tag, puoi essere il primo ad aggiungerne!!

MARC

LEADER 00000nbm a2200000 4500
001 0219753
005 20161121135739.6
041 0 |a slo 
044 |a SK 
245 1 0 |a Budúcnosť a perspektívy investovania do energetických komodít  |b bakalárska práca  |c Martin Kropil ; školiteľ: Jaroslav Hudcovský 
264 1 |a Bratislava  |c 2016 
300 |a 51 s. 
100 1 |a Kropil, Martin 
700 1 |a Hudcovský, Jaroslav 
710 2 |a Národohospodárska fakulta EU. Katedra bankovníctva a medzinárodných financií